Normal view
MARC view
- Noor Ul Huda
Entry Personal Name
001 - CONTROL NUMBER
- control field: 125493
003 - CONTROL NUMBER IDENTIFIER
- control field: NUST
005 - DATE AND TIME OF LATEST TRANSACTION
- control field: 20240829123253.0
008 - FIXED-LENGTH DATA ELEMENTS
- fixed length control field: 240829|| aca||aabn | a|a d
040 ## - CATALOGING SOURCE
- Original cataloging agency: NUST
- Transcribing agency: NUST
100 ## - HEADING--PERSONAL NAME
- Personal name: Noor Ul Huda
670 ## - SOURCE DATA FOUND
- Source citation: Work cat.: (NUST): Noor Ul Huda, Understanding the Process of Radicalization: A Case Study of Pakistani Madrasa Females/
